000
nam a22 7a 4500
999
_c
40942
_d
40942
003
OSt
005
20180127115553.0
008
180127b xxu||||| |||| 00| 0 eng d
040
_c
sero soft
100
_a
Bhatnagar Dr. A,B
245
_a
Growing up as a Learner (Hindi)
260
_a
R.lall
_b
Meerut
300
_a
252
942
_2
ddc
_c
02